000 00431nam a2200169Ia 4500
008 131103s9999 xx 000 0 und d
040 _aLoreto College
041 _aEnglish
082 _a822.66/SHE
_bLCLIB/27479
100 _aSheridan
245 4 _aThe rivals
_cSheridan
260 _aDelhi
_bOxford University Press
_c1977
300 _a140p.
_c 19cm.
650 _aEnglish Drama
850 _aLCLIB/822.66/SHE
942 _cBK
999 _c24647
_d75126